000 00700nam a2200133Ia 4500
008 220620s9999||||xx |||||||||||||| ||und||
100 _aHillis Miller, J.
245 0 _aLiterature Matters
546 _aEnglish[eng]
650 _acultural studies||literary studies||Franz Kafka||Friedrich Nietzsche||The Cares of a Family Man||United States||World literature
700 _aReif-Hülser, Monika
856 _uhttps://library.oapen.org/bitstream/20.500.12657/32304/1/613237.pdf||https://library.oapen.org/bitstream/20.500.12657/32304/1/613237.pdf||https://library.oapen.org/bitstream/20.500.12657/32304/1/613237.pdf||https://library.oapen.org/bitstream/20.500.12657/32304/1/613237.pdf
942 _cEB
999 _c26052
_d26052